00377pab a2200121 454500008004000000100002200040245008600062260000900148300001200157362001200169650004000181773003400221180718b1985 xxu||||| |||| 00| 0 eng d aPanda, Hrushikesh aImpact of irrigation on farmers acreage response to pricebCase of Andhra Pradesh c1985 aA-11-16 a30 Mar. aIrrigation - India - Andhra Pradesh aEconomic and Political Weekly